| 000 | 00000nam 2200000zi 4500 |
| 001 | 9.879443 |
| 003 | CaOODSP |
| 005 | 20221107165520 |
| 006 | m o d f |
| 007 | cr |n||||||||| |
| 008 | 190918e201210##onc o f000 0 fre d |
| 020 | |a9781100166452 |
| 040 | |aCaOODSP|bfre|erda|cCaOODSP |
| 043 | |an-cn--- |
| 086 | 1 |aHS4-104/2010F-PDF |
| 245 | 00|aVérification de l’attestation en vertu de l’article 34 de la Loi sur la gestion des finances publiques : |brapport de vérification. |
| 264 | 1|a[Ottawa] : |bRessources humaines et Développement des compétences Canada = Human Resources and Skills Development Canada, |cOctobre 2012. |
| 300 | |a1 ressource en ligne (iii, 24 pages) |
| 336 | |atexte|btxt|2rdacontent/fre |
| 337 | |ainformatique|bc|2rdamedia/fre |
| 338 | |aressource en ligne|bcr|2rdacarrier/fre |
| 500 | |aPublié aussi en anglais sous le titre : Audit of Section 34 of the Financial Administration Act : audit report. |
| 500 | |a« Numéro de projet : 17029/10-11. » |
| 520 | |a « La vérification avait pour objectif de s’assurer que la vérification des comptes et l’attestation en vertu de l’article 34 de la LGFP sont effectuées de façon uniforme, efficace et efficiente à l’égard des dépenses de biens et services (B et S) et de subventions et contributions (S et C) »--Résumé, page i. |
| 692 | 07|2gccst|aVérification |
| 692 | 07|2gccst|aGestion financière |
| 710 | 1 |aCanada. |bRessources humaines et développement des compétences Canada. |
| 775 | 08|tAudit of Section 34 of the Financial Administration Act : |w(CaOODSP)9.879441 |
| 856 | 40|qPDF|s528 Ko|uhttps://publications.gc.ca/collections/collection_2019/edsc-esdc/HS4-104-2010-fra.pdf |
| 986 | |aCA-590-08-10F |